00302nam a2200121Ia 4500008004100000100002000041245003000061260003700091300000900128650001900137942000700156999001700163190216s9999||||xx |||||||||||||| ||und|| aRamanappa M N V 0aStudies In Indian Culture bJawahar Press & Book Depotc1972 a228p aIndian History cBK c19499d19499